00784nam a22002177a 450000500170000001000150001702000220003203500130005403700130006708200100008010000290009024500810011926000380020027000580023830000250029650000400032165000310036194200240039299900170041695201330043320100819143348.0 aENG-100955 a8177354280c75.00 aEN-84488 bDBAD/PUB a338.9 aSaravanakumar, M.915209 aFive years planning of economic developments in India /cby M. Saravanakumar aChennaibPavai Publicationsc2008 a142, Jani Jan Khan Road, RoyapettahbChennaie6000014 avi,160p.c21cm (pbk) aincludes bibliographical references aEconomic Development91374 2ddccENh338.9mSAR c42557d42557 001040718NFICaDBADbDBADd2010-08-19eDBAD/PUBg75.00l0o338.9 SARpEN-84488r2010-08-19 00:00:00t1v75.00w2010-08-19yEN